Dakshin asia mein sangharsh evam sahyog (Record no. 312799)

MARC details
000 -LEADER
fixed length control field 00551 a2200217 4500
005 - DATE & TIME
control field 20240729111121.0
008 - FIXED-LENGTH DATA ELEMENTS--GENERAL INFORMATION
fixed length control field 240727b |||||||| |||| 00| 0 eng d
020 ## - ISBN
International Standard Book Number 9788189996581
Price Rs. 895.00
040 ## - CATALOGING SOURCE
Original cataloging agency VIVEKANANDA LIBRARY
082 ## - DDC NUMBER
Classification number 327.540549
Book Number S22D
100 ## - MAIN ENTRY--PERSONAL NAME
Personal name Sudesh Kumari
245 ## - TITLE STATEMENT
Title Dakshin asia mein sangharsh evam sahyog
260 ## - PUBLICATION, DISTRIBUTION, ETC. (IMPRINT)
Name of publisher, distributor, etc Shri Sai Printographers
Date of publication, distribution, etc 2017
Place of publication, distribution, etc New Delhi
300 ## - PHYSICAL DESCRIPTION
Pages 231
650 ## - Subject
Subject Political Science
650 ## - Subject
Subject India
650 ## - Subject
Subject Pakistan
650 ## - Subject
Subject War
650 ## - Subject
Subject Military Science
942 ## - ADDED ENTRY ELEMENTS (KOHA)
Koha item type Books
Holdings
Withdrawn status Lost status Source of classification or shelving scheme Damaged status Not for loan Location (home branch) Sublocation or collection (holding branch) Shelving location Date acquired Koha issues (times borrowed) Koha full call number Accession No. Koha date last seen Koha item type
    Dewey Decimal Classification     VIVEKANANDA LIBRARY VIVEKANANDA LIBRARY Vivekananda Library 17/02/2024 2 327.540549 S22D 435626 19/12/2025 Books
© Designed and Maintained by Vivekananda Library, MDU Rohtak